000 00252nam a22000977a 4500
008 240831b |||||||| |||| 00| 0 eng d
020 _a9788129135827
100 _aBond Ruskin
245 _aRuskin Bond A Mussoorie Mystery
260 _aNew Delhi
_bRupa
_c2011
999 _c12627
_d12627